header

A problem solving approach to mathematics for elementary school teachers / (Record no. 265276)

MARC details
000 -LEADER
fixed length control field 01630cam a2200409 i 4500
001 - CONTROL NUMBER
control field 18270454
003 - CONTROL NUMBER IDENTIFIER
control field OSt
005 - DATE AND TIME OF LATEST TRANSACTION
control field 20251120135759.0
008 - FIXED-LENGTH DATA ELEMENTS--GENERAL INFORMATION
fixed length control field 140818s2016 maua 001 0 eng
010 ## - LIBRARY OF CONGRESS CONTROL NUMBER
LC control number 2014032499
020 ## - INTERNATIONAL STANDARD BOOK NUMBER
International Standard Book Number 0321987292
Qualifying information student edition
International Standard Book Number 9780321987297
Qualifying information student edition
International Standard Book Number 0321990447
Qualifying information annotated instructor's edition
International Standard Book Number 9780321990440
Qualifying information annotated instructor's edition
035 ## - SYSTEM CONTROL NUMBER
System control number 18270454
040 ## - CATALOGING SOURCE
Original cataloging agency DLC
Language of cataloging eng
Transcribing agency DLC
Description conventions rda
Modifying agency DLC
042 ## - AUTHENTICATION CODE
Authentication code pcc
050 00 - LIBRARY OF CONGRESS CALL NUMBER
Classification number QA135.6
Item number .B55 2016
082 00 - DEWEY DECIMAL CLASSIFICATION NUMBER
Classification number 372.7/044
Edition number 23
100 1# - MAIN ENTRY--PERSONAL NAME
Personal name Billstein, Rick.
245 12 - TITLE STATEMENT
Title A problem solving approach to mathematics for elementary school teachers /
Statement of responsibility, etc Rick Billstein, University of Montana, Shlomo Libeskind, University of Oregon, Johnny W. Lott, University of Montana and Barbara Boschmans, Northern Arizona University for the chapter on Number Theory.
250 ## - EDITION STATEMENT
Edition statement 12th edition.
264 #1 - PRODUCTION, PUBLICATION, DISTRIBUTION, MANUFACTURE, AND COPYRIGHT NOTICE
Place of production, publication, distribution, manufacture Boston :
Name of producer, publisher, distributor, manufacturer Pearson,
Date of production, publication, distribution, manufacture, or copyright notice [2016]
300 ## - PHYSICAL DESCRIPTION
Extent xix, 947 pages :
Other physical details illustrations (some color) ;
Dimensions 29 cm
336 ## - CONTENT TYPE
Content type term text
Content type code txt
Source rdacontent
337 ## - MEDIA TYPE
Media type term unmediated
Media type code n
Source rdamedia
338 ## - CARRIER TYPE
Carrier type term volume
Carrier type code nc
Source rdacarrier
500 ## - GENERAL NOTE
General note Includes index.
650 #0 - SUBJECT ADDED ENTRY--TOPICAL TERM
Topical term or geographic name as entry element Problem solving
General subdivision Study and teaching (Elementary)
Topical term or geographic name as entry element Mathematics
General subdivision Study and teaching (Elementary)
700 1# - ADDED ENTRY--PERSONAL NAME
Personal name Libeskind, Shlomo.
Personal name Lott, Johnny W.,
Dates associated with a name 1944-
Personal name Boschmans, Barbara.
906 ## - LOCAL DATA ELEMENT F, LDF (RLIN)
a 7
b cbc
c orignew
d 1
e ecip
f 20
g y-gencatlg
942 ## - ADDED ENTRY ELEMENTS (KOHA)
Source of classification or shelving scheme Library of Congress Classification
Koha item type Long Loan Books
Holdings
Withdrawn status Lost status Source of classification or shelving scheme Damaged status Not for loan Collection code Home library Current library Shelving location Date acquired Source of acquisition Total Checkouts Full call number Barcode Date last seen Price effective from Koha item type
    Library of Congress Classification     Non-fiction Rongo University Library Rongo University Library General Stacks 20/11/2025 Books for Africa (Donation)   QA135.6 .B55 2016 20260979 20/11/2025 20/11/2025 Long Loan Books

© 2026 Rongo University
Contact us: librarian | system librarian | Rongo university